Star Wars Planets - Statistics

General Stats
  • This quiz has been taken 13 times
  • The average score is 17 of 32
Answer Stats
Hint Answer % Correct
Ice planet; AT-AT's and snowspeeders Hoth
100%
Home of Leia Organa; destroyed by the Death Star Alderaan
92%
Swamp planet; where Yoda lives in Episode V Dagobah
83%
Ewok home; Death Star shield generator Endor
83%
Gungan home; Padme Amidala's homeworld Naboo
83%
Desert home of Luke Skywalker and Anakin; Mos Eisley Tatooine
83%
Capital of the Republic and Empire Coruscant
75%
Desert planet; Rey's homeworld Jakku
75%
Wookiee home planet Kashyyyk
75%
Volcanic planet where Obi Wan and Darth Vader fight Mustafar
75%
Where the Clone Army was created Kamino
67%
Cloud City; Han Solo gets frozen in carbonite Bespin
58%
First Clone Wars battle; where Jango Fett is killed Geonosis
58%
Mining planet; Han Solo made this planet's run in 12 parsecs Kessel
58%
Remote planet where General Grievous is killed Utapau
58%
Forest moon used as a Rebel Alliance base Yavin IV
58%
Han Solo's homeworld; frigate class Corellia
50%
Planet converted by First Order into a Super Weapon Starkiller Base
50%
Jungle planet where Aayla Secura is killed Felucia
42%
Nightsister homeworld; Darth Maul trains here Dathomir
33%
Planet of legends due to famed warrior race named after this planet Mandalore
33%
Cold planet where Ki-Adi-Mundi is killed Mygeeto
33%
Asteroid where Padme gives birth to Luke and Leia Polis Massa
33%
Moon used to monitor and protect Kamino; Clone Wars Rishi
33%
Imperial research facility; Galen Erso Eadu
25%
Saw Gerrara's base; Holy city with Jedi temple destroyed by Death Star Jedha
25%
Admiral Ackbar's home planet Mon Calamari
25%
Location of high security Imperial database and final battle of Rogue One Scarif
25%
Where Maz Kanata's castle is located Takodana
25%
Imperial penal colony Jyn Erso is rescued from Wobani
25%
Ice planet where khyber crystals are mined Ilum
17%
Where Jyn Erso and her parents go into hiding Lah'mu
17%
No matching quizzes found
Score Distribution
Percent of People with Each Score
Percentile by Number Answered
Your Score History
You have not taken this quiz